Statistics for World cities - Largest by Latitude/Longitude block

Click here to take the quiz!

General Stats

  • This quiz has been taken 236 times
    (223 since last reset)
  • The average score is 37 of 71

Answer Stats

Lat-Long section CITY (pop-country) % Correct
30-45 N - 60-90 WNew York (8 107 k - us)
97%
45-60 N - 0-30 WLondon (7 421 k - gb)
96%
45-60 N - 30-60 EMoscow (10 381 k - ru)
96%
30-45 N - 90-120 WLos Angeles (3 877 k - us)
95%
30-45 N - 120-150 ETokyo (31 480 k - jp)
95%
45-60 N - 0-30 EBerlin (3 398 k - de)
93%
15-30 N - 90-120 WMexico (8 720 k - mx)
90%
30-45 S - 30-60 WBuenos Aires (13 076 k - ar)
90%
30-45 N - 30-60 ECairo (7 734 k - eg)
90%
30-45 S - 150-180 ESydney (4 394 k - au)
90%
30-45 S - 60-90 WSantiago (4 837 k - cl)
89%
30-45 N - 90-120 EPeking (7 480 k - cn)
87%
0-15 N - 0-30 ELagos (8 789 k - ng)
86%
0-15 S - 90-120 EJakarta (8 540 k - id)
86%
15-30 S - 30-60 WSão Paulo (10 021 k - br)
85%
0-15 S - 60-90 WLima (7 646 k - pe)
84%
15-30 N - 60-90 EMumbai (12 692 k - in)
83%
0-15 N - 60-90 WBogotá (7 102 k - co)
82%
45-60 N - 120-150 WVancouver (1 837 k - ca)
82%
30-45 S - 0-30 ECape Town (3 433 k - za)
80%
0-15 N - 90-120 EBangkok (5 104 k - th)
77%
15-30 S - 0-30 EJohannesburg (2 026 k - za)
77%
30-45 S - 120-150 EMelbourne (3 730 k - au)
76%
30-45 S - 90-120 EPerth (1 446 k - au)
76%
30-45 N - 0-30 EIstanbul (9 797 k - tr)
75%
0-15 N - 120-150 EManila (10 443 k - ph)
75%
45-60 N - 60-90 WMontreal (3 268 k - ca)
74%
0-15 S - 0-30 EKinshasa (7 787 k - cd)
74%
0-15 S - 30-60 ENairobi (2 750 k - ke)
72%
15-30 N - 150-180 WHonolulu ( 384 k - us)
71%
60-75 N - 0-30 EHelsinki ( 558 k - fi)
70%
60-75 N - 0-30 WReykjavík ( 113 k - is)
65%
30-45 N - 0-30 WCasablanca (3 609 k - ma)
62%
0-15 N - 30-60 EAddis Ababa (2 757 k - et)
61%
60-75 N - 120-150 WAnchorage ( 276 k - us)
58%
15-30 N - 120-150 ETaipei (2 514 k - tw)
58%
15-30 N - 90-120 EDhaka (6 493 k - bd)
57%
15-30 N - 30-60 ERiyadh (3 469 k - sa)
55%
15-30 S - 150-180 EBrisbane (1 843 k - au)
54%
45-60 N - 90-120 WCalgary ( 968 k - ca)
50%
0-15 N - 60-90 EBangalore (4 931 k - in)
49%
15-30 N - 60-90 WSanto Domingo (2 202 k - do)
46%
0-15 N - 90-120 WGuatemala ( 973 k - gt)
43%
30-45 N - 120-150 WSan Jose ( 897 k - us)
41%
30-45 N - 60-90 ELahore (6 312 k - pk)
40%
15-30 S - 30-60 EDurban (3 120 k - za)
39%
0-15 N - 0-30 WAbidjan (3 692 k - ci)
38%
45-60 N - 60-90 ENovosibirsk (1 419 k - ru)
33%
0-15 S - 150-180 WApia ( 40 k - ws)
32%
0-15 S - 30-60 WSalvador (2 711 k - br)
30%
60-75 N - 90-120 WYellowknife ( 15 k - ca)
29%
45-60 N - 120-150 EHarbin (3 229 k - cn)
19%
15-30 N - 0-30 WNouakchott ( 709 k - mr)
19%
0-15 S - 150-180 EHoniara ( 56 k - sb)
18%
60-75 N - 30-60 EArkhangelsk ( 344 k - ru)
18%
15-30 S - 120-150 ECairns ( 154 k - au)
15%
45-60 S - 150-180 EDunedin ( 114 k - nz)
10%
45-60 N - 90-120 EKrasnoyarsk ( 907 k - ru)
10%
15-30 S - 120-150 WFaaa ( 29 k - pf)
6%
45-60 N - 150-180 EPetropavlovsk-Kamchatskiy ( 187 k - ru)
6%
15-30 S - 60-90 WCochabamba ( 900 k - bo)
5%
45-60 S - 60-90 WComodoro Rivadavia ( 142 k - ar)
4%
15-30 S - 90-120 EGeraldton ( 27 k - au)
3%
60-75 N - 60-90 ESurgut ( 300 k - ru)
3%
15-30 N - 0-30 ESabha ( 126 k - ly)
3%
60-75 N - 90-120 EMirnyy ( 40 k - ru)
2%
30-45 S - 30-60 EPort Shepstone ( 52 k - za)
2%
0-15 S - 120-150 EAmbon ( 355 k - id)
2%
0-15 N - 30-60 WMacapá ( 338 k - br)
2%
0-15 N - 150-180 EBairiki ( 44 k - ki)
2%
45-60 N - 30-60 WGlace Bay ( 21 k - ca)
2%

Score Distribution

Percentile by Number Answered

Percent of People with Each Score

Your Score History

You have not taken this quiz since the last reset